| 000 | 01285cam a2200361 4500 | ||
|---|---|---|---|
| 001 | 19944 | ||
| 003 | SK-KTurca | ||
| 005 | 20251217161722.0 | ||
| 008 | 201119s2020 xr gr 000 fdslo | ||
| 015 | _aSNBZSA2023/12 | ||
| 020 |
_a9788020618955 _q(viazané) |
||
| 040 |
_aSNK _bslo _cSNK _erda |
||
| 041 | 0 | _aslo | |
| 044 |
_axr _cCZ |
||
| 072 | 7 |
_a821.162.4-3 _xSlovenská próza _2konspekt |
|
| 080 |
_a821.162.4-31 _22011 |
||
| 080 |
_a(0:82-312.4) _22011 |
||
| 100 | 1 |
_aHrašková, Eva, _d1988- _4aut |
|
| 245 | 1 | 0 |
_aTemný výdych _cEva Hrašková, Kristína Ježovičová |
| 264 | 1 |
_aPraha _bNaše vojsko _c2020 |
|
| 300 |
_a271 strán _c19 cm |
||
| 336 |
_atext _btxt _2rdacontent |
||
| 337 |
_abez média _bn _2rdamedia |
||
| 338 |
_azväzok _bnc _2rdacarrier |
||
| 500 | _aNa obálke dole uvedené: Kam je schopný zájsť vrah, ktorý mŕtvolu mladej ženy ukrýva v Krvavých Šenkoch? Stručné biografické a profesijné údaje o autorkách na záložke prebalu publikácie | ||
| 655 | 7 |
_aslovenské romány _2SNKPH |
|
| 655 | 7 |
_adetektívne romány _2SNKPH |
|
| 655 | 7 |
_aSlovak fiction _2SNKPHeng |
|
| 655 | 7 |
_aDetective novels _2SNKPHeng |
|
| 700 | 1 |
_aJežovičová, Kristína, _d1984- _4aut |
|
| 942 |
_2ddc _cKLDO _n0 |
||
| 999 |
_c19944 _d19944 |
||